Statystyki dla 7-literowe nazwy pierwiastków chemicznych

Kliknij tutaj aby rozwiązać quiz!

Ogólne statystyki

  • Ten quiz został rozwiązany 38 razy
  • Średni wynik to 4 z 9

Statystyki odpowiedzi

Pierwiastek% Poprawnych
Krypton
69%
Antymon
63%
Wolfram
63%
Platyna
51%
Seaborg
43%
Dysproz
34%
Gadolin
34%
Meitner
34%
Technet
29%

Rozkład punktacji

Percentyl według liczby udzielonych odpowiedzi

Procent ludzi z każdym wynikiem

Twoja historia wyników

Nie rozwiązałeś tego quizu